| 000 | 00785nam a2200253Ia 4500 | ||
|---|---|---|---|
| 003 | OSt | ||
| 005 | 20240430110102.0 | ||
| 008 | 210716s2015 xx 000 0 und d | ||
| 020 | _a9781471142376 | ||
| 040 | _cAIMIT LIBRARY | ||
| 041 | _aeng | ||
| 082 |
_a374.22 _21 _bKOGK |
||
| 100 |
_aKogan, Kory. _9162656 |
||
| 245 |
_a5 choices : _bpath to extraordinary productivity / _cBy Kory Kogon Adam Merrill and Leena Rinne. |
||
| 250 | _a1st ed. | ||
| 260 |
_aNew Delhi : _bSimon & Schuster , _c2015. |
||
| 300 |
_avii,266p. ; _bPB _c23.5 cm |
||
| 650 |
_aDecision management _9162657 |
||
| 650 |
_aAttention management _9162658 |
||
| 650 |
_aEnergy management _9162659 |
||
| 700 |
_aMerrill, Adam. _9162660 |
||
| 700 |
_aRinne, Leena. _9162661 |
||
| 942 |
_2ddc _cBK _e1 _k374.22 KOGK |
||
| 999 |
_c209119 _d209119 |
||